LEADER 01062nam0-22003611i-450- 001 990001357350403321 005 20090806123922.0 010 $a0-201-15767-5 035 $a000135735 035 $aFED01000135735 035 $a(Aleph)000135735FED01 035 $a000135735 100 $a20001205d--------km-y0itay50------ba 101 0 $aeng 102 $aUS 105 $aa---a---001yy 200 1 $aGenetic Algorithms in Search, Optimization, and Machine Learning$fDavid E. Goldberg 210 $aReading (Mass.)$cAddison-Wesley$dc1989 215 $axii, 412 p.$d24 cm 610 0 $aOttimizzazione combinatoria 610 0 $aAlgoritmi 610 0 $aApprendimento da parte della macchina 676 $a006.31 700 1$aGoldberg,$bDavid Edward$022915 801 0$aIT$bUNINA$gRICA$2UNIMARC 901 $aBK 912 $a990001357350403321 952 $a8B-324$b5360$fFI1 952 $a006.31-GOL-1$b1080$fSC1 959 $aFI1 959 $aSC1 996 $aGenetic algorithms in search, optimization and machine learning$9134626 997 $aUNINA LEADER 01458nam2 22003011i 450 001 SUN0019640 005 20180327112223.417 010 $a88-08-23714-1$d0.00 100 $a20040713d1997 |0itac50 ba 101 $aita 102 $aIT 105 $a|||| ||||| 200 1 $aC: *Metodi cromatografici, metodi di misura e trattamento dei dati$fRenato Cozzi, Pierpaolo Protti, Tarcisio Ruaro 210 $aBologna$cZanichelli$d1997 215 $aVIII, 504 p.$cill.$d27 cm. 461 1$1001SUN0019636$12001 $aAnalisi chimica strumentale$fRenato Cozzi, Pierpaolo Protti, Tarcisio Ruaro$vC$1210 $aBologna$cZanichelli$1215 $av.$cill.$d27 cm. 620 $dBologna$3SUNL000003 676 $a543.8$cCromatografia$v22 700 1$aCozzi$b, Renato$3SUNV015795$0351363 701 1$aProtti$b, Pierpaolo$3SUNV015796$0351364 701 1$aRuaro$b, Tarcisio$3SUNV015797$0351365 712 $aZanichelli$3SUNV004332$4650 801 $aIT$bSOL$c20181109$gRICA 912 $aSUN0019640 950 $aUFFICIO DI BIBLIOTECA DEL DIPARTIMENTO DI SCIENZE E TECNOLOGIE AMBIENTALI BIOLOGICHE E FARMACEUTICHE$d17 CONS Cb3 $e17 FSA1048 995 $aUFFICIO DI BIBLIOTECA DEL DIPARTIMENTO DI SCIENZE E TECNOLOGIE AMBIENTALI BIOLOGICHE E FARMACEUTICHE$bIT-CE0101$gFSA$h1048$kCONS Cb3$oc$qa 996 $aMetodi cromatografici, metodi di misura e trattamento dei dati$9995814 997 $aUNICAMPANIA